banner-ar

LA VIE ET L'OEUVRE D'EUGENE FROMENTIN / (Record no. 13124)

MARC details
000 -الفاتح
حقل البيانات ثابتة الطول 00503nam a2200193Ia 4500
008 - عناصر البيانات ثابتة الطول - معلومات عامة
حقل البيانات ثابتة الطول 140319s9999 xx 000 0 eng d
040 ## - مصدر الفهرسة
وكالة الفهرسة الأصلية GCL /
وكالة النسخ GCL
082 04 - رقم تصنيف ديوى العشرى
رقم التصنيف 759.05
رقم المادة T V
100 1# - المدخل الرئيسى - إسم شخصى
الإسم الشخصى THOMPSON, JAMES
245 10 - بيان العنوان
العنوان LA VIE ET L'OEUVRE D'EUGENE FROMENTIN /
بيان المسئوليه,etc THOMPSON, JAMES
700 1# - المدخل الاضافى - اسم شخصى
الإسم الشخصى WRIGHT, BARBARA
260 ## - PUBLICATION, DISTRIBUTION, ETC. (IMPRINT)
تاريخ النشر أو التوزيع 1987
300 ## - الوصف المادى
التعداد 336
650 04 - المدخل الاضافى بالموضوع-مصطلح موضوعى
مصطلح موضوعي PAINTING
650 04 - المدخل الاضافى بالموضوع-مصطلح موضوعى
مصطلح موضوعي ORIENTALISTS
650 04 - المدخل الاضافى بالموضوع-مصطلح موضوعى
مصطلح موضوعي ORIENTALISTS PAINTINGS
942 ## - عناصر المدخل الإضافي( كوها)
مصدر التصنيف او مخطط الترفيف Dewey Decimal Classification
Koha [default] item type كتاب
260 ## - PUBLICATION, DISTRIBUTION, ETC. (IMPRINT)
-- [S.N] :
-- ACR EDITION ،
Holdings
حالة التراجع حالة الفقد حالة تلف ليس للاعارة المكان المؤقت الموقع الحالى تاريخ الاكتساب اجمالي اﻻعارات رقم الطلب الباركود تاريخ اخر مشاهدة تاريخ تفعيل السعر نوع وعاء كوها
        مكتبة القاهرة الكبرى مكتبة القاهرة الكبرى 03/26/2014   759.05\T V 25310 03/26/2014 03/26/2014 كتاب
        مكتبة القاهرة الكبرى مكتبة القاهرة الكبرى 03/26/2014   759.05\T V 25311 03/26/2014 03/26/2014 كتاب

Powered By

EGPV